000 00622nam a22001575i 4500
001 158653
003 ES-MaACL
005 20230906211245.0
008 040902s1834 fr |||| | fre d
040 _aCAM
_bspa
_cCAM
245 0 0 _aManuel complet de l'enseignement mutuel ou Instructions pour les fondateurs et les directeurs des écoles d'enseignement mutuel /
_cpar deux membres de l'université.
260 _aParis :
_bPaul Dupont :
_bHachette,
_c1834 (
_fImprimerie de Dupont et Laguionie)
300 _a[8], 193 p. ;
_c17 cm.
650 4 _aEscuelas.
_9136043
852 _aES-MaACL
_jD-454
_z-- Enc. pasta española
999 _c158653
_d158653